Země s největším počtem letišť - Statistics

General Stats
  • This quiz has been taken 120 times
  • The average score is 15 of 20
Answer Stats
Počet Stát % Correct
1,467 Kanada
99%
13,513 USA
99%
507 Čína
96%
4,093 Brazílie
94%
539 Německo
94%
1,218 Rusko
94%
460 Spojené Království
94%
418 Australie
88%
464 Francie
87%
916 Argentina
86%
1,714 Mexiko
84%
481 Chile
73%
836 Kolumbie
64%
673 Indonesie
61%
407 Jihoafrická republika
55%
444 Venezuela
54%
855 Bolivie
52%
432 Ekvádor
35%
799 Paraguay
35%
561 Papua Nová Guinea
6%
No matching quizzes found
Score Distribution
Percent of People with Each Score
Percentile by Number Answered
Your Score History
You have not taken this quiz